[Event "AUTO-OPEN-3562"]
[Site "http://www.queenalice.com/game.php?id=1391168"]
[Date "2015.10.28"]
[Round "1"]
[White "Cajucarol"]
[Black "rubenov"]
[Result "0-1"]
[WhiteElo "1502"]
[BlackElo "2000"]

1. d4 d5 2. Nc3 c6 3. Nf3 Nf6 4. h3 Bf5 5. g4 Bg6 6. Ne5 Be4 7. f3 Bg6 8. e4
dxe4 9. fxe4 Bxe4 10. Nxe4 Nxe4 11. Bg2 Nd6 12. d5 c5 13. Rf1 Nd7 14. Nxf7 Nxf7
15. Qe2 Nd6 16. Bf4 Nb6 17. c4 Qd7 18. b3 O-O-O 19. a4 h6 0-1

[Event "AUTO-OPEN-3562"]
[Site "http://www.queenalice.com/game.php?id=1391169"]
[Date "2015.10.28"]
[Round "1"]
[White "rubenov"]
[Black "Cajucarol"]
[Result "1-0"]
[WhiteElo "2002"]
[BlackElo "1500"]

1. d4 d5 2. Bg5 Nc6 3. e3 f6 4. Bf4 b6 5. Bb5 Bb7 6. Nf3 e5 7. dxe5 f5 8. Nd4
Bb4+ 9. c3 Ba5 10. Bxc6+ Bxc6 11. Nxc6 Qh4 12. b4 d4 13. bxa5 Ne7 14. Nxd4 Nd5
15. Nxf5 Qg4 16. Qxg4 Nxf4 17. exf4 g6 18. Nd4 bxa5 19. Qe6+ 1-0

[Event "AUTO-INT-3069"]
[Site "http://www.queenalice.com/game.php?id=1391253"]
[Date "2015.10.28"]
[Round "1"]
[White "Givanildo"]
[Black "Cajucarol"]
[Result "1-0"]
[WhiteElo "1630"]
[BlackElo "1424"]

1. d4 d5 2. Bf4 Nf6 3. h3 Ne4 4. Be3 Nc6 5. a3 b6 6. Bf4 Ba6 7. Nc3 g6 8. Nf3
Bg7 9. Nxe4 Nxd4 10. Nxd4 Bxd4 11. Qxd4 f6 12. Ng5 h6 13. Qa4+ b5 14. Qxa6 hxg5
15. Be3 Qc8 16. Qc6+ Kf8 17. Qxd5 c6 18. Qf3 f5 19. Bxg5 Ke8 20. Qe3 Qd8 21. Rd1
Qb6 22. Qxe7# 1-0

[Event "AUTO-INT-3069"]
[Site "http://www.queenalice.com/game.php?id=1391254"]
[Date "2015.10.28"]
[Round "1"]
[White "Cajucarol"]
[Black "Givanildo"]
[Result "0-1"]
[WhiteElo "1372"]
[BlackElo "1687"]

1. d4 d5 2. Nc3 e6 3. Bf4 h6 4. Nb5 Na6 5. Qd2 c6 6. Nc3 Bb4 7. Nf3 Qe7 8. g3 g5
9. Be5 f6 10. Bxf6 Nxf6 11. Qd3 Ne4 12. Bg2 Qf6 13. O-O Nxc3 14. bxc3 Bd6 15.
Ne5 Bxe5 16. dxe5 Qg7 17. e4 Nc5 18. Qf3 h5 19. exd5 cxd5 20. a4 h4 21. gxh4 g4
0-1

[Event "AUTO-INT-3069"]
[Site "http://www.queenalice.com/game.php?id=1391269"]
[Date "2015.10.28"]
[Round "1"]
[White "Nelsonbento"]
[Black "Cajucarol"]
[Result "1-0"]
[WhiteElo "1706"]
[BlackElo "1537"]

1. h4 d5 2. a4 Nf6 3. f3 g6 4. b3 Nh5 5. Kf2 Qd6 6. Nh3 Qg3+ 7. Kg1 Bg7 8. Nc3
Bd4+ 9. e3 Bc5 10. d4 Bb4 11. Ne2 Qxh4 12. c3 Bxc3 13. Nxc3 Ng3 14. Nxd5 Nxh1
15. Kxh1 O-O 16. e4 Nc6 17. Bg5 Qg3 18. f4 Bg4 19. Qe1 Qxb3 20. Nxc7 Rac8 21.
Nd5 Nxd4 22. Nxe7+ Kg7 23. Nxc8 Rxc8 24. Nf2 Nc2 25. Qc1 Rc3 26. Nxg4 Nxa1 27.
Qxa1 a6 28. Bf6+ Kg8 29. Bxc3 Qc4 30. Bxc4 Kf8 31. Qa3+ Ke8 32. Qc5 b5 33. Nf6+
Kd8 34. Qd6+ Kc8 35. Qxa6+ Kd8 36. Qxb5 h5 37. Qd7# 1-0

[Event "AUTO-INT-3069"]
[Site "http://www.queenalice.com/game.php?id=1391270"]
[Date "2015.10.28"]
[Round "1"]
[White "Cajucarol"]
[Black "Nelsonbento"]
[Result "0-1"]
[WhiteElo "1547"]
[BlackElo "1696"]

1. d4 e6 2. Nf3 d6 3. Bg5 f6 4. Bh4 g5 5. Bg3 h5 6. Nc3 h4 7. Nxh4 gxh4 8. Bf4
a5 9. b3 Nc6 10. e3 Qe7 11. g4 h3 12. Bxh3 Rxh3 13. Qd2 e5 14. Bg3 Bxg4 15. O-O
Bh6 16. d5 Nb4 17. Nb5 e4 18. c4 f5 19. c5 Nd3 20. cxd6 cxd6 21. Bxd6 Qd7 22.
Nc7+ Kd8 23. Nxa8 Qxd6 24. Qxa5+ Ke7 25. Nb6 Qxh2# 0-1

[Event "AUTO-INT-3069"]
[Site "http://www.queenalice.com/game.php?id=1391281"]
[Date "2015.10.28"]
[Round "1"]
[White "Cajucarol"]
[Black "Polyphem"]
[Result "0-1"]
[WhiteElo "1479"]
[BlackElo "1613"]

1. d4 d5 2. Nc3 Nf6 3. b3 Nc6 4. Be3 Bf5 5. Bf4 a6 6. Nf3 Nb4 7. g3 Ne4 8. Nxd5
Qxd5 9. Ne5 Nc3 10. Bg2 Qxg2 11. Kd2 Nxd1 12. Raxd1 Bxc2 13. Rdg1 Qd5 14. e3 f6
15. Nc4 Be4 16. f3 Bxf3 0-1

[Event "AUTO-INT-3069"]
[Site "http://www.queenalice.com/game.php?id=1391282"]
[Date "2015.10.28"]
[Round "1"]
[White "Polyphem"]
[Black "Cajucarol"]
[Result "1-0"]
[WhiteElo "1601"]
[BlackElo "1491"]

1. d4 d5 2. c4 dxc4 3. Nc3 g6 4. e4 Bg7 5. Nf3 Bg4 6. Be3 Nc6 7. e5 Qd7 8. Bxc4
Na5 9. Be2 Nh6 10. O-O Nf5 11. Bd2 Nxd4 12. Nxd4 Bxe2 13. Qxe2 Qxd4 14. Nb5 Qxb2
15. Nxc7+ Kd8 16. Nxa8 1-0

[Event "Invitation"]
[Site "http://www.queenalice.com/game.php?id=1431770"]
[Date "2016.7.15"]
[Round "-"]
[White "Cajucarol"]
[Black "rfdc"]
[Result "0-1"]
[WhiteElo "1350"]
[BlackElo "1931"]

1. d4 d6 2. Be3 Nf6 3. Nc3 g6 4. g3 Bg7 5. Bg2 c6 6. Nf3 Nbd7 7. Ng5 e6 8. O-O
O-O 9. a4 Ng4 10. b4 Nxe3 11. fxe3 Qxg5 12. Qc1 d5 13. e4 Qxc1 14. Raxc1 Nb6 15.
exd5 exd5 16. a5 Nc4 17. e4 Bxd4+ 18. Kh1 Bxc3 19. exd5 Ne3 20. Rfe1 Bxe1 21.
Be4 Bd2 22. Rb1 cxd5 0-1

[Event "Invitation"]
[Site "http://www.queenalice.com/game.php?id=1431771"]
[Date "2016.7.15"]
[Round "-"]
[White "Cajucarol"]
[Black "rfdc"]
[Result "0-1"]
[WhiteElo "1344"]
[BlackElo "1937"]

1. d4 d6 2. Nc3 Nf6 3. e3 g6 4. Qd3 Bg7 5. Bd2 c6 6. O-O-O Be6 7. Be2 O-O 8. h4
Na6 9. e4 Nb4 10. Qh3 Bxh3 11. Rxh3 b6 12. Na4 c5 13. d5 Nxe4 14. Be3 Nxa2+ 15.
Kb1 Nb4 16. Bf3 Nf6 17. Ne2 Qd7 18. Nxc5 bxc5 19. g4 Qa4 20. Nc3 Qa6 21. Be2 Qb7
0-1

[Event "Invitation"]
[Site "http://www.queenalice.com/game.php?id=1431772"]
[Date "2016.7.15"]
[Round "-"]
[White "Cajucarol"]
[Black "rfdc"]
[Result "0-1"]
[WhiteElo "1348"]
[BlackElo "1933"]

1. d4 d6 2. Nf3 Nf6 3. Qd3 g6 4. Nbd2 Bg7 5. b4 c6 6. b5 O-O 7. g3 Bf5 8. Qc3
cxb5 9. Bg2 Nc6 10. O-O Nd5 11. Qd3 Bxd3 12. exd3 Nc3 13. Re1 Rb8 14. Bb2 Nxd4
15. Bxc3 Nxc2 16. Rac1 Bxc3 17. Re4 Bxd2 18. Nxd2 Rc8 19. Nb3 d5 20. Re5 e6 21.
d4 a5 22. Nc5 Nxd4 0-1

[Event "Invitation"]
[Site "http://www.queenalice.com/game.php?id=1431773"]
[Date "2016.7.15"]
[Round "-"]
[White "rfdc"]
[Black "Cajucarol"]
[Result "1-0"]
[WhiteElo "1935"]
[BlackElo "1346"]

1. d4 d5 2. e3 Nc6 3. Nf3 Bg4 4. Be2 Qd6 5. h3 Bh5 6. O-O O-O-O 7. a3 Nf6 8. b4
g6 9. Nc3 Ne4 10. Nxe4 dxe4 11. Ng5 e5 12. Nxf7 Bxe2 13. Nxd6+ cxd6 14. Qxe2
exd4 15. exd4 Bg7 16. Bb2 Nxd4 17. Qc4+ Kb8 18. Bxd4 Bxd4 19. Qxd4 Rhe8 20. c4
Rd7 21. Rae1 e3 22. Rxe3 1-0